000 00507nam a2200181Ia 4500
008 090124s9999 xx 000 0 und d
082 _b113130
100 _aअुरी लिऑन
245 _a शूरा मी वंदिले
250 _a1
260 _c1969
300 _a406
600 _aअुरी लिऑन
630 _a शूरा मी वंदिले
700 _aअुरी लिऑन
730 _a शूरा मी वंदिले
942 _cBOOK
999 _c159221
_d159221